000 00316nam a22001337a 4500
008 250310b |||||||| |||| 00| 0 eng d
020 _a978-93-534-3957-6
100 _aP P A Kumar
245 _aIntroduction to Smart Cities
260 _aNoida
_bPearson
_c2025
300 _a362
650 _aCSE
942 _2ddc
_cBK
999 _c21292
_d21292